| 000 | 00423nam a2200169Ia 4500 | ||
|---|---|---|---|
| 008 | 131103s9999 xx 000 0 und d | ||
| 040 | _aLoreto College | ||
| 041 | _aEnglish | ||
| 082 |
_aF/SET _bLCBED/11466 |
||
| 100 | _aSeth,Vikram | ||
| 245 | 2 |
_aA suitable boy _cVikram Seth |
|
| 260 |
_aNew Delhi _bViking _c1993 |
||
| 300 |
_a1349 p. _c 24 cm. |
||
| 650 | _aEnglish fiction | ||
| 850 | _aLCBED/F/SET | ||
| 942 | _cBK | ||
| 999 |
_c33003 _d83482 |
||